Nhà văn Việt Nam ( 1945 - 1975 ) T. 2

Giới thiệu 16 chân dung các nhà văn, nhà thơ, nhà lý luận, phê bình. Xuất hiện trước cách mạng tháng tám và trong thời kỳ kháng chiến chống thực dân Pháp.

Na minha lista:
Detalhes bibliográficos
Autor principal: Nhà văn Việt Nam 9 1945 - 1975 )
Outros Autores: Phan Cự Đệ (Tác giả), Hà Minh Đức (Tác giả)
Formato: Livro
Idioma:Vietnamese
Publicado em: H. Đại học và Trung học chuyên nghiệp 1983
Assuntos:
Tags: Adicionar Tag
Sem tags, seja o primeiro a adicionar uma tag!
Thư viện lưu trữ: Mạng thư viện Đại học Đà Nẵng
LEADER 01502nam a2200397 4500
001 000004027
003 155
005 20121211001239.0
008 110714s1983 viesd
020 |c 0 
041 0 |a vie 
082 |a 895.922  |b PH-Đ 
100 0 |a Nhà văn Việt Nam 9 1945 - 1975 ) 
245 1 0 |a Nhà văn Việt Nam ( 1945 - 1975 )  |c Phan Cự Đệ, Hà Minh Đức  |n T. 2 
260 |a H.  |b Đại học và Trung học chuyên nghiệp  |c 1983 
300 |a 514tr  |c 19cm 
504 |a T. 2 
520 |a Giới thiệu 16 chân dung các nhà văn, nhà thơ, nhà lý luận, phê bình. Xuất hiện trước cách mạng tháng tám và trong thời kỳ kháng chiến chống thực dân Pháp. 
653 |a Nhà văn Việt Nam 
653 |a 1945 - 1975 
653 |a Văn học 
653 |a 1983 
700 |a Phan Cự Đệ  |e Tác giả 
700 |a Hà Minh Đức  |e Tác giả 
773 |t Nhà Văn Việt Nam ( 1945 - 1975 )  |w 149 
910 |a Nguyễn Thị Kim Oanh  |d 14/ 07/ 2011 
OWN |a LSP 
AVA |a UDN50  |b LSP  |d 895.922 PH-Đ  |e unavailable  |t Error 5002 Not defined in file expand_doc_bib_avail.  |f 1  |g 1  |h N  |i 0  |k 1 
999 |a From the UDN01 
AVA |a UDN50  |b LSP  |d 895.922 PH-Đ  |e unavailable  |t Error 5002 Not defined in file expand_doc_bib_avail.  |f 1  |g 1  |h N  |i 0  |k 1 
TYP |a Monograph 
TYP |a Printed language 
980 |a Mạng thư viện Đại học Đà Nẵng